Animals Hidden in Books Quiz Stats

 Plays Quiz not verified by Sporcle

Score 0/18 Timer 02:30
0 Plays Today
% Correct
CATcher in the Rye
92.5%
The GrAPEs of Wrath
92.5%
Harry POTTER
and the Half-Blood Prince
91.2%
The Da Vinci CODe
90.6%
JurASSic Park
90.6%
BATtlefield Earth:
A Saga of the Year 3000
88.7%
WHEN the Bough Breaks
88.7%
The UnBEARable
Lightness of Being
88.1%
Confessions of a Teenage
DRAMa Queen
88.1%
% Correct
Far from the
Madding CROWd
86.8%
The Man in the
GRAY Flannel Suit
86.8%
Artemis FOWL
85.5%
The Assassination of
Jesse James by
the COWard Robert Ford
84.9%
BEEzus and Ramona
84.3%
The Secret Diary of
Adrian MOLE, Aged 13¾
78%
AllegiANT
77.4%
MaRAThon Man
77.4%
Bird BOX
63.5%

You're not logged in!

Compare scores with friends on all Sporcle quizzes.
OR
Log In

Show Comments

Extras

Top Quizzes Today


Score Distribution

Your Account Isn't Verified!

In order to create a playlist on Sporcle, you need to verify the email address you used during registration. Go to your Sporcle Settings to finish the process.

Report this User

Report this user for behavior that violates our Community Guidelines.

Details: